Villes française avec 100 000 habitants - Mort subite - Statistiques

Statistiques générales
  • Ce quiz a été pris 372 fois
  • Le résultat moyen est 6 sur 16
Answers on the Grid
Answers color-coded by a green-red scale on the quiz's grid according to % correct below.
Amiens
Le Mans
Villeurbanne
Toulon
Le Havre
Brest
Grenoble
Tours
Rouen
Roubaix
Nanterre
Avignon
Dunkerque
Versailles
La Rochelle
Cannes
Ajaccio
Calais
Cayenne
Bourges
Quimper
Montreuil
Argenteuil
Mulhouse
Metz
Vienne
Saint-Nazaire
Béziers
Cergy
Reims
Boulogne-Billancourt
Aix-en-Provence
 
Statistiques - réponses
Réponse % Correct
Grenoble
50%
Le Havre
48%
Villeurbanne
47%
Reims
44%
Toulon
44%
Brest
40%
Aix-en-Provence
38%
Metz
34%
Rouen
34%
Tours
31%
Amiens
28%
Le Mans
27%
Boulogne-Billancourt
25%
Montreuil
23%
Argenteuil
20%
Mulhouse
18%
Aucun quiz correspondant
Distribution des résultats
% des personnes avec chaque résultat
Percentile par nombre de réponses
Votre historique - résultats
Vous n’avez pas pris ce quiz